Statistics for NCT 127 Songs Quiz

Click here to take the quiz!

General Stats

  • This quiz has been taken 862 times
    (641 since last reset)
  • The average score is 30 of 55

Answer Stats

YearAlbum / EPSong% Correct
2020Neo ZoneKick It
93%
2018RegularRegular
91%
2017CHERRY BOMBCherry Bomb
85%
2020Neo Zone:
The Final Round
Punch
83%
2016NCT #127Fire Truck
82%
2017LIMITLESSLIMITLESS
74%
2018RegulateSimon Says
72%
2018EMPATHYTOUCH
71%
2019WE ARE SUPERHUMANSuperhuman
71%
2019WE ARE SUPERHUMANHighway to Heaven
64%
2017CHERRY BOMBWhiplash
63%
2020Neo ZoneMad Dog
63%
2020Neo ZoneSit Down!
63%
2020Neo ZoneLove Song
61%
2017LIMITLESSBaby Don't Like It
60%
2020Neo ZoneElevator
60%
2020Neo ZoneBoom
59%
2018RegularNo Longer
57%
2018RegulateChain
55%
2018RegulateWelcome To
My Playground
55%
2020Neo ZoneLove Me Now
54%
2017CHERRY BOMBSummer 127
54%
2020Neo ZonePandora's Box
54%
2020Neo ZoneWhite Night
54%
2020Neo Zone:
The Final Round
NonStop
53%
2017LIMITLESSBack 2 U
53%
2017LIMITLESSAngel
51%
2016NCT #127Mad City
51%
2018RegularCity 127
50%
2017CHERRY BOMB0 Mile
50%
2017CHERRY BOMBSun&Moon
50%
2020Neo ZoneDay Dream
49%
2020Neo ZoneNot Alone
49%
2020Neo ZoneDreams
Come True
48%
2020Neo ZoneInterlude:
{Neo} {Zone}
47%
2016NCT #127Paradise
47%
2019WE ARE SUPERHUMANJet Lag
46%
2018RegularReplay
45%
2018RegularCome Back
45%
2018RegularMy Van
45%
2019WE ARE SUPERHUMANFOOL
45%
2020Neo Zone:
The Final Round
Make Your Day
44%
2016NCT #127Switch
43%
2019WE ARE SUPERHUMANPaper Plane
43%
2018RegularKnock On
43%
2018RegularFly Away With Me
43%
2017LIMITLESSGood Thing
43%
2017CHERRY BOMBRunning 2 U
41%
2018RegularInterlude: {Regular}
{to} {Irregular}
40%
2017LIMITLESSHeartbreaker
39%
2018RegularRun Back 2 U
39%
2016NCT #127Wake Up
39%
2016NCT #127Once Again
38%
2016NCT #127Another World
38%
2019WE ARE SUPERHUMANOutro: {WE}
{ARE} {127}
32%

Score Distribution

Percentile by Number Answered

Percent of People with Each Score

Your Score History

You have not taken this quiz since the last reset